Temas de literatura infantil
En este libro de Fanuel Hanán Díaz (venezolano, especialistaen literatura para niños y jóvenes) se compilan una serie de ensayos, conferencias y otras reflexiones acerca de la literatura infantil y juvenil (LIJ) -a veces legitimada y otras veces no-, acerca de las temáticas, las problemáticas y las...
| Autor principal: | |
|---|---|
| Formato: | Desconocido |
| Idioma: | Indeterminado |
| Publicado: |
Argentina
Argentina
2020-09-15 15:33:00
|
| Acceso en línea: | Texto completo |
MARC
| LEADER | 00000 a2200000 4500 | ||
|---|---|---|---|
| 001 | ALPHAC_442575 | ||
| 003 | XX-XxUND | ||
| 008 | s2020 xx |||||||||||| ||||und d | ||
| 020 | |a 9789508926258 | ||
| 035 | |a 9789508926258 | ||
| 100 | 1 | |a Hanán, F. |e author | |
| 245 | 1 | |a Temas de literatura infantil | |
| 260 | |a Argentina |b Argentina |c 2020-09-15 15:33:00 | ||
| 300 | |a 129 | ||
| 520 | |a En este libro de Fanuel Hanán Díaz (venezolano, especialistaen literatura para niños y jóvenes) se compilan una serie de ensayos, conferencias y otras reflexiones acerca de la literatura infantil y juvenil (LIJ) -a veces legitimada y otras veces no-, acerca de las temáticas, las problemáticas y las distintas proposiciones acerca de su análisis y crítica, cuestionando aspectos que están en vigencia acerca de esta aproximación a dicha literatura. | ||
| 754 | 1 | |a category |c Ciencias de la Educación | |
| 856 | 4 | |u https://alphaeditorialcloud.uam.elogim.com/reader/temas-de-literatura-infantil-1621888721 |z Texto completo | |


